00575cam a22002171a 4500001001300000003000400013005001700017008004100034010001700075035002000092040002200112042001200134050002000146100003200166245004300198260004800241300002100289546001700310500001300327999001700340sa 68009462 DLC20260227112543.0891006s1967 ii 000 1 maio  asa 68009462  a(OCoLC)20450413 aDLCcWaUdWUdDLC apremarc00aPK1818.9.R4bD81 aReṇu, Ramānanda,d1932-10aDūdha-phūla /cRamānanda Reṇu. aPatanā :bNavaranga Prakāśana,c1967. a179 p. ;c19 cm. aIn Maithili. aA novel. c82916d82916